000 00775nam a22002297a 4500
999 _c10401
_d10401
005 20251125232827.0
008 s2543 th tha d
020 _a9742827893
040 _aNALT
041 _atha
050 _a
090 _aKE 105
_bว111ข 2543
100 0 _aว. สุวรรณ
_914694
245 1 0 _aไขปัญหา อบต. /
_cว. สุวรรณ.
260 _aกรุงเทพฯ :
_bวิญญูชน,
_c2543.
300 _a232 หน้า ;
_b
_c21 ซม.
610 2 4 _919591
_aองค์การบริหารส่วนตำบล
_xคำถามและคำตอบ
850 _aNALT
856 4 0 _uhttps://hdl.handle.net/20.500.14156/302199
_71
942 _cLB
_2local